Countries with the Largest Monoliths (Stone Blocks) - Statistics

General Stats
  • This quiz has been taken 168 times
  • The average score is 9 of 13
Answer Stats
Country % Correct
United States
97%
China
95%
Egypt
91%
India
88%
Russia
88%
Italy
86%
France
85%
Japan
81%
South Korea
64%
Israel
57%
Ethiopia
48%
Lebanon
38%
Vatican City
11%
No matching quizzes found
Score Distribution
Percent of People with Each Score
Percentile by Number Answered
Your Score History
You have not taken this quiz